000
00329nam a22001217a 4500
999
_c
3208
_d
3208
005
20201118154117.0
008
201118b ||||| |||| 00| 0 eng d
020
_a
0855984694
040
_c
CML
245
_a
AIDS on the Agenda.
_c
Holden S.
260
_a
UK
_b
Oxfam
_c
2003
942
_2
ddc
_c
BK
_e
1st Edition
_h
338
_m
HOL